Do you know Australia? - Statistics

General Stats
  • This quiz has been taken 1,153 times
  • The average score is 7 of 9
Answer Stats
Hint Answer % Correct
What is the capital of Australia? Canberra
98%
How many main states/territories are there in Austraila? 8
97%
What is the traditional name for Ayers Rock? Uluru
93%
What name is given to the leader of Autrsalia? Prime Minister
92%
What does g'day mean? Good day
90%
What is Vegemite mainly made of? Yeast extract
84%
Which Australian actor plays the main character in the X-Men series? Hugh Jackman
74%
What percentage of Australia is desert? 70%
65%
What is the tallest building in Melbourne? (as of 2006) The Eureka Tower
28%
No matching quizzes found
Score Distribution
Percent of People with Each Score
Percentile by Number Answered
Your Score History
You have not taken this quiz